| 000 | 00728cam a2200205 a 4500 | ||
|---|---|---|---|
| 001 | 000010663 | ||
| 005 | 20200929162250.0 | ||
| 008 | 820217s1978 ve a b f001 0 spa | ||
| 040 |
_aDO-SdBNP _cDLC _dDLC |
||
| 082 |
_a526.85 _bA769e |
||
| 100 | 1 |
_aArocha Reyes, José Luis. _925834 |
|
| 245 | 1 | 3 |
_aLa escala en el mapa y en la aerofoto / _cJoséLuis Arocha Reyes. |
| 260 |
_aCaracas : _bUniversidad Central de Venezuela, Ediciones de la Facultad de Humanidades y Educación, Escuela de Geografía, _c1978. |
||
| 300 |
_a274 p. : _bil. ; _c23 cm. |
||
| 504 | _aBibliografía: p. [275] - [276] | ||
| 650 | 4 |
_aCartografía _925835 |
|
| 650 | 4 |
_aAerofotografía _925836 |
|
| 910 | _aCatalogación por copia / LC | ||
| 049 | _aBNGR | ||
| 999 |
_c10418 _d10418 |
||